UC Sampdoria Squad 2019-2020 - Statistics

General Stats
  • This quiz has been taken 9 times
  • The average score is 15 of 32
Answer Stats
# Position Nation Player % Correct
1 GK Indonesia Emil Audero
100%
27 FW Italy Fabio Quagliarella
88%
7 MF Poland Karol Linetty
88%
15 DF Gambia Omar Colley
88%
6 MF Sweden Albin Ekdal
75%
14 MF Czech Republic Jakub Jankto
75%
34 DF Japan Maya Yoshida
75%
18 MF Norway Morten Thorsby
75%
11 MF Uruguay Gastón Ramírez
63%
23 FW Italy Manolo Gabbiadini
63%
25 DF Italy Alex Ferrari
50%
24 DF Poland Bartosz Bereszyński
50%
- Coach Italy Claudio Ranieri
50%
26 MF Algeria Mehdi Léris
50%
29 DF Italy Nicola Murru
50%
4 MF England Ronaldo Vieira
50%
3 DF Italy Tommaso Augello
50%
8 MF Paraguay Édgar Barreto
38%
- Coach Italy Eusebio Di Francesco
38%
20 MF Argentina Gonzalo Maroni
38%
21 DF Italy Lorenzo Tonelli
38%
19 DF Italy Vasco Regini
38%
10 FW Argentina Emiliano Rigoni
25%
12 DF Italy Fabio Depaoli
25%
9 FW Italy Federico Bonazzoli
25%
17 FW Italy Gianluca Caprari
25%
5 DF Germany Julian Chabot
25%
16 MF Norway Kristoffer Askildsen
25%
30 GK Italy Wladimiro Falcone
25%
91 MF Italy Andrea Bertolacci
0%
22 GK Italy Andrea Seculin
0%
17 FW Italy Antonino La Gumina
0%
No matching quizzes found
Score Distribution
Percent of People with Each Score
Percentile by Number Answered
Your Score History
You have not taken this quiz